[Event "DEN-ch Kort 1-1"]
[Site "Svendborg"]
[Date "2019.04.14"]
[Round "3"]
[White "Christensen, Anders"]
[Black "Kirkebaekke, Mark"]
[Result "0-1"]
[WhiteElo "1918"]
[BlackElo "1873"]
[PlyCount "102"]
[EventDate "2019.04.13"]
[EventType "swiss"]
[EventRounds "5"]
[EventCountry "DEN"]
[SourceTitle "EXT 2020"]
[Source "ChessBase"]
[SourceDate "2019.10.17"]
[SourceVersion "1"]
[SourceVersionDate "2019.10.17"]
[SourceQuality "1"]

1. e4 b6 2. d4 Bb7 3. Nc3 e6 4. Be3 a6 5. Be2 Nf6 6. f3 d5 7. exd5 exd5 8. Qd2 Be7 9. 0-0-0 0-0 10. g4 Qd7 11. h4 b5 12. Nb1 b4 13. g5 Ne8 14. h5 Qa4 15. g6 fxg6 16. hxg6 hxg6 17. Bd3 Kf7 18. Nh3 Ke6 19. Nf4+ Kd7 20. Nxg6 Nd6 21. Nxf8+ Bxf8 22. Qg2 Qxa2 23. Qg4+ Kc6 24. Qg6 Nd7 25. Bf4 Nb6 26. Bxd6 Bxd6 27. b3 a5 28. Kd2 Rf8 29. Ke2 a4 30. Nd2 Qb2 31. Rh4 Bc8 32. Rb1 Qc3 33. bxa4 Rf6 34. Bb5+ Kb7 35. Qd3 Re6+ 36. Kf2 Qxd3 37. cxd3 c6 38. a5 cxb5 39. axb6 Kxb6 40. Rh8 Bd7 41. Rg8 Re7 42. Rg1 Bf4 43. Nf1 g5 44. Rh1 b3 45. Ng3 Ka5 46. Rb1 Kb4 47. Ra8 Be3+ 48. Kg2 Bxd4 49. Ne4 dxe4 50. dxe4 b2 51. Rg8 g4 0-1

[Event "Taastrup Winter op 3rd"]
[Site "Taastrup"]
[Date "2018.01.11"]
[Round "6"]
[White "Kirkebaekke, Mark"]
[Black "Meldal, Peter"]
[Result "1-0"]
[WhiteElo "1747"]
[BlackElo "1430"]
[PlyCount "59"]
[EventDate "2017.11.09"]
[EventType "swiss"]
[EventRounds "9"]
[EventCountry "DEN"]
[SourceTitle "EXT 2021"]
[Source "ChessBase"]
[SourceDate "2020.10.23"]
[SourceVersion "1"]
[SourceVersionDate "2020.10.23"]
[SourceQuality "1"]

1. e4 Nc6 2. d4 e6 3. d5 exd5 4. exd5 Nce7 5. c4 d6 6. Nc3 c6 7. h4 h6 8. h5 Nf6 9. Bd3 Bg4 10. Be2 Bxe2 11. Ngxe2 Nc8 12. Nd4 c5 13. Nf5 Ne7 14. Qa4+ Qd7 15. Nxd6+ Kd8 16. Nxf7+ Kc8 17. Qxd7+ Kxd7 18. Nxh8 Nf5 19. Bf4 Re8+ 20. Kf1 Ne4 21. Re1 Nxc3 22. bxc3 Rxe1+ 23. Kxe1 Nd6 24. Ng6 Be7 25. Nxe7 Kxe7 26. Bxd6+ Kxd6 27. Kd2 b6 28. Re1 a6 29. Re6+ Kc7 30. Rg6 1-0

[Event "Helsingor Xtracon op"]
[Site "Helsingor"]
[Date "2017.07.29"]
[Round "9"]
[White "Kirkebaekke, Mark"]
[Black "Hjornevik, Knut Jarle"]
[Result "0-1"]
[WhiteElo "1716"]
[BlackElo "1952"]
[PlyCount "102"]
[EventDate "2017.07.22"]
[EventType "swiss"]
[EventRounds "10"]
[EventCountry "DEN"]
[SourceTitle "CBM 179 Extra"]
[Source "ChessBase"]
[SourceDate "2017.08.23"]
[SourceVersion "1"]
[SourceVersionDate "2017.08.23"]
[SourceQuality "1"]

1. e4 c5 2. d4 cxd4 3. c3 dxc3 4. Nxc3 Nc6 5. Nf3 d6 6. Bc4 a6 7. 0-0 Nf6 8. e5 dxe5 9. Ng5 e6 10. Qa4 Bd7 11. Rd1 h6 12. Nxe6 fxe6 13. Bxe6 Nd4 14. Bxd7+ Qxd7 15. Qa5 b5 16. Qb6 Qc6 17. Qxc6+ Nxc6 18. Be3 Be7 19. Rac1 Rc8 20. Nd5 Nxd5 21. Rxd5 Kf7 22. Bb6 Nb4 23. Rdd1 Rxc1 24. Rxc1 Re8 25. a3 Nd3 26. Rc2 Rb8 27. Be3 Rd8 28. Kf1 Nf4 29. f3 Rd1+ 30. Kf2 Rb1 31. Rd2 Rxb2 32. Bxf4 Rxd2+ 33. Bxd2 Bxa3 34. Ke2 Ke6 35. Kd3 Kd5 36. Kc2 Kc4 37. Bc3 Bd6 38. f4 e4 39. f5 Bf8 40. g4 b4 41. Be5 b3+ 42. Kb1 e3 43. h4 e2 44. Bg3 Bb4 45. g5 hxg5 46. hxg5 Bc3 47. f6 gxf6 48. g6 f5 49. Be1 a5 50. g7 Bxg7 51. Bxa5 Bc3 0-1

[Event "Helsingor Xtracon op"]
[Site "Helsingor"]
[Date "2017.07.26"]
[Round "6"]
[White "Kirkebaekke, Mark"]
[Black "Bering, Anders"]
[Result "1-0"]
[WhiteElo "1716"]
[BlackElo "1940"]
[PlyCount "47"]
[EventDate "2017.07.22"]
[EventType "swiss"]
[EventRounds "10"]
[EventCountry "DEN"]
[SourceTitle "CBM 179 Extra"]
[Source "ChessBase"]
[SourceDate "2017.08.23"]
[SourceVersion "1"]
[SourceVersionDate "2017.08.23"]
[SourceQuality "1"]

1. e4 e6 2. d4 d5 3. exd5 exd5 4. c4 Nf6 5. Nc3 Be7 6. Nf3 Bg4 7. Qb3 Bxf3 8. gxf3 Nc6 9. cxd5 Na5 10. Qa4+ c6 11. b4 Nxd5 12. Nxd5 Qxd5 13. bxa5 Qxf3 14. Rg1 Qc3+ 15. Kd1 Qxa1 16. Kc2 Rd8 17. a6 Qxd4 18. Qxd4 Rxd4 19. axb7 0-0 20. Bb2 Bf6 21. Bxd4 Bxd4 22. Bh3 Be5 23. Bc8 Bxh2 24. Rg3 1-0

[Event "Helsingor Xtracon op"]
[Site "Helsingor"]
[Date "2017.07.23"]
[Round "3"]
[White "Frisk, Hans"]
[Black "Kirkebaekke, Mark"]
[Result "1-0"]
[WhiteElo "1997"]
[BlackElo "1716"]
[PlyCount "87"]
[EventDate "2017.07.22"]
[EventType "swiss"]
[EventRounds "10"]
[EventCountry "DEN"]
[SourceTitle "CBM 179 Extra"]
[Source "ChessBase"]
[SourceDate "2017.08.23"]
[SourceVersion "1"]
[SourceVersionDate "2017.08.23"]
[SourceQuality "1"]

1. Nf3 f5 2. d3 d5 3. Ne5 Nf6 4. g3 c5 5. Bg2 Nc6 6. Nxc6 bxc6 7. f4 Qb6 8. Nc3 e5 9. fxe5 Ng4 10. 0-0 Nxe5 11. Kh1 h5 12. e4 dxe4 13. dxe4 h4 14. gxh4 Rxh4 15. exf5 Qc7 16. Bf4 Ba6 17. Bxe5 Qb7 18. Re1 Be7 19. Bd6 0-0-0 20. Rxe7 Qb6 21. Rc7+ Qxc7 22. Bxc7 Rxd1+ 23. Rxd1 Kxc7 24. Ne4 Bc8 25. Ng3 Rf4 26. Be4 c4 27. Rf1 Rh4 28. f6 gxf6 29. Rxf6 Bd7 30. Rf7 Kd8 31. Rh7 Rf4 32. Kg2 c3 33. bxc3 c5 34. h4 a5 35. h5 Rh4 36. h6 Bh3+ 37. Kf3 Ke8 38. Rh8+ Kf7 39. h7 Be6 40. Rg8 Rxh7 41. Bxh7 Bxa2 42. Rg5 a4 43. Rxc5 a3 44. Ra5 1-0

[Event "Taastrup Quick Weekend 23th Basis 2"]
[Site "Taastrup"]
[Date "2016.05.20"]
[Round "2"]
[White "Kirkebaekke, Mark"]
[Black "Christensen, Allan Toftegaard"]
[Result "0-1"]
[WhiteElo "1793"]
[BlackElo "1776"]
[PlyCount "68"]
[EventDate "2016.05.20"]
[EventType "tourn"]
[EventRounds "5"]
[EventCountry "DEN"]
[SourceTitle "EXT 2024"]
[Source "ChessBase"]
[SourceDate "2023.10.10"]
[SourceVersion "1"]
[SourceVersionDate "2023.10.10"]
[SourceQuality "1"]

1. e4 e5 2. Nf3 Nc6 3. Bc4 d6 4. c3 Bg4 5. h3 Bh5 6. d3 h6 7. Be3 Be7 8. b4 Bg5 9. Nbd2 Qf6 10. g4 Bg6 11. Nxg5 hxg5 12. Nf3 Qe7 13. Nxg5 f6 14. Ne6 Rh4 15. f4 exf4 16. Bxf4 Ne5 17. Bxe5 fxe5 18. Qa4+ c6 19. b5 Rc8 20. 0-0-0 d5 21. exd5 cxd5 22. b6+ Kf7 23. Bxd5 axb6 24. Rhf1+ Nf6 25. c4 Kg8 26. Nf4+ Nxd5 27. Nxg6 Qg5+ 28. Kb2 Qxg6 29. cxd5 Rxh3 30. Rf5 Rh2+ 31. Kb1 Qd6 32. Rc1 Rxc1+ 33. Kxc1 Qc5+ 34. Qc4 Qg1+ 0-1

[Event "Taastrup Winter 1st A"]
[Site "Taastrup"]
[Date "2015.12.03"]
[Round "4"]
[White "Meldal, Peter"]
[Black "Kirkebaekke, Mark"]
[Result "1-0"]
[WhiteElo "1488"]
[BlackElo "1759"]
[PlyCount "49"]
[EventDate "2015.10.29"]
[EventType "tourn"]
[EventRounds "9"]
[EventCountry "DEN"]
[SourceTitle "EXT 2024"]
[Source "ChessBase"]
[SourceDate "2023.10.10"]
[SourceVersion "1"]
[SourceVersionDate "2023.10.10"]
[SourceQuality "1"]

1. f4 e5 2. fxe5 d6 3. exd6 Bxd6 4. Nf3 g5 5. g3 h5 6. d4 h4 7. Bxg5 Be7 8. Bxe7 Qxe7 9. Rg1 Qb4+ 10. Nbd2 Qxb2 11. e4 Ne7 12. a4 f5 13. Nc4 Qc3+ 14. Kf2 hxg3+ 15. Rxg3 fxe4 16. Nfe5 Rxh2+ 17. Bg2 Qb4 18. c3 Qxc4 19. Nxc4 Be6 20. Ne3 Na6 21. Qb1 Kd7 22. Kg1 Rah8 23. Qb5+ Kc8 24. Rb1 b6 25. Qxa6+ 1-0

[Event "Koge Xtracon op"]
[Site "Koge"]
[Date "2015.10.18"]
[Round "9"]
[White "Nielsen, Bjorn1111"]
[Black "Kirkebaekke, Mark"]
[Result "0-1"]
[WhiteElo "1358"]
[BlackElo "1759"]
[PlyCount "82"]
[EventDate "2015.10.12"]
[EventType "swiss"]
[EventRounds "9"]
[EventCountry "DEN"]
[SourceTitle "EXT 2017"]
[Source "ChessBase"]
[SourceDate "2016.10.25"]
[SourceVersion "1"]
[SourceVersionDate "2016.10.25"]
[SourceQuality "1"]

1. e4 e5 2. Nf3 Nc6 3. Be2 Nf6 4. Nc3 Bc5 5. 0-0 d6 6. b3 a6 7. Bb2 Nd4 8. Nxd4 exd4 9. Nb1 Nxe4 10. d3 Nf6 11. Nd2 0-0 12. Nf3 Nd5 13. a3 Nc3 14. Qd2 Qf6 15. Bxc3 dxc3 16. Qg5 Qe6 17. Bd1 f6 18. Qg3 c6 19. Re1 Qd7 20. Be2 d5 21. a4 g5 22. Nxg5 fxg5 23. Qxg5+ Qg7 24. Qxg7+ Kxg7 25. Bf3 Bf5 26. Re2 Rae8 27. Kf1 Bg6 28. Rae1 Rxe2 29. Rxe2 Re8 30. Bg4 b5 31. axb5 cxb5 32. Ke1 a5 33. Rxe8 Bxe8 34. h4 a4 35. bxa4 bxa4 36. Kd1 a3 37. Be6 Bc6 38. Bg4 a2 39. Ke2 a1Q 40. f3 Qc1 41. h5 Qe3+ 0-1

[Event "Koge Xtracon op"]
[Site "Koge"]
[Date "2015.10.16"]
[Round "6"]
[White "Nielsen, Jan Mose"]
[Black "Kirkebaekke, Mark"]
[Result "1-0"]
[WhiteElo "2014"]
[BlackElo "1759"]
[PlyCount "115"]
[EventDate "2015.10.12"]
[EventType "swiss"]
[EventRounds "9"]
[EventCountry "DEN"]
[SourceTitle "CBM 168 Extra"]
[Source "ChessBase"]
[SourceDate "2015.10.29"]
[SourceVersion "1"]
[SourceVersionDate "2015.10.29"]
[SourceQuality "1"]

1. e4 d5 2. exd5 Nf6 3. d4 Nxd5 4. c4 Nf6 5. Nc3 Nc6 6. d5 Ne5 7. Qd4 Ng6 8. Nge2 e5 9. Qd3 Bc5 10. Bd2 0-0 11. g3 Ne7 12. Bg2 Bf5 13. Ne4 Ng6 14. b4 Nxe4 15. Bxe4 Bxe4 16. Qxe4 Be7 17. Rd1 f5 18. Qc2 Bg5 19. Bc3 f4 20. Qe4 fxg3 21. hxg3 Qe7 22. Rd3 Rf7 23. f3 Raf8 24. Kf2 Rf5 25. Kg2 h6 26. c5 Qd7 27. c6 bxc6 28. dxc6 Qe6 29. a4 R5f6 30. b5 Qf5 31. Qxf5 Rxf5 32. Be1 Be7 33. Nc3 Bb4 34. Ne4 Bxe1 35. Rxe1 h5 36. Ree3 h4 37. Rd7 R8f7 38. Red3 hxg3 39. Rxf7 Rxf7 40. Rd8+ Rf8 41. Rd7 Rf7 42. Ng5 Rf5 43. Ne4 Rf7 44. Nc5 Nf4+ 45. Kxg3 Ne2+ 46. Kf2 Nd4 47. Kg2 Kf8 48. Rd5 Nxf3 49. Rd8+ Ke7 50. Rd7+ Kf6 51. Rxf7+ Kxf7 52. Kxf3 Ke7 53. Ke4 Kd6 54. Na6 g5 55. Nxc7 Kxc7 56. Kxe5 g4 57. Kf4 Kb6 58. Kxg4 1-0

[Event "Koge Xtracon op"]
[Site "Koge"]
[Date "2015.10.12"]
[Round "1"]
[White "Nordenbaek, Jan"]
[Black "Kirkebaekke, Mark"]
[Result "1-0"]
[WhiteElo "2196"]
[BlackElo "1759"]
[PlyCount "45"]
[EventDate "2015.10.12"]
[EventType "swiss"]
[EventRounds "9"]
[EventCountry "DEN"]
[SourceTitle "CBM 168 Extra"]
[Source "ChessBase"]
[SourceDate "2015.10.29"]
[SourceVersion "1"]
[SourceVersionDate "2015.10.29"]
[SourceQuality "1"]

1. e4 e5 2. Nf3 Nc6 3. Bc4 Nf6 4. d3 Bc5 5. c3 0-0 6. 0-0 h6 7. d4 exd4 8. cxd4 Bb6 9. e5 Ne8 10. d5 Ne7 11. Nc3 d6 12. Bf4 Ng6 13. Bg3 Bg4 14. Re1 f5 15. exf6 Nxf6 16. Qd3 Ne7 17. Nd4 Nh5 18. Qe4 Bf5 19. Nxf5 Nxf5 20. Bd3 Nhxg3 21. hxg3 Bxf2+ 22. Kxf2 Nxg3+ 23. Kxg3 1-0

[Event "Koge Bugt Winter"]
[Site "Solrod"]
[Date "2011.01.26"]
[Round "2"]
[White "Forsmann, Henning"]
[Black "Kirkebaekke, Mark"]
[Result "1/2-1/2"]
[WhiteElo "1758"]
[BlackElo "1489"]
[PlyCount "104"]
[EventDate "2011.01.12"]
[EventType "swiss"]
[EventRounds "7"]
[EventCountry "DEN"]
[SourceTitle "EXT 2023"]
[Source "ChessBase"]
[SourceDate "2022.10.05"]
[SourceVersion "1"]
[SourceVersionDate "2022.10.05"]
[SourceQuality "1"]

1. b3 e5 2. Bb2 Nc6 3. Nf3 e4 4. Ng1 f5 5. e3 Nf6 6. d4 d5 7. c4 Be6 8. Nc3 Be7 9. cxd5 Nxd5 10. Nge2 Bb4 11. a3 Bd6 12. g3 Nce7 13. Nb5 c6 14. Nxd6+ Qxd6 15. Nc3 0-0-0 16. Be2 Kb8 17. Na4 b6 18. 0-0 h5 19. Kg2 h4 20. Rh1 g5 21. Qd2 Rh6 22. Ba6 Rf8 23. Rae1 f4 24. exf4 gxf4 25. Rxe4 fxg3 26. hxg3 Rhf6 27. Rexh4 Ng6 28. Rh7 Rxf2+ 29. Qxf2 Rxf2+ 30. Kxf2 Nde7 31. b4 Bb3 32. Nc3 Qxd4+ 33. Ke1 Bc4 34. Bxc4 Qxc4 35. R1h2 Ne5 36. Kd1 Qf1+ 37. Kc2 Qd3+ 38. Kb3 N5g6 39. Re2 Qxg3 40. Rhxe7 Nxe7 41. Rxe7 Qg8+ 42. Kc2 Qg6+ 43. Kb3 Qd3 44. Bc1 Qd6 45. Rg7 Qf6 46. Rg2 Qf5 47. Rg8+ Kb7 48. Rg7+ Ka6 49. Rg5 Qf1 50. Bb2 Qf7+ 51. Kc2 Qh7+ 52. Kb3 Qf7+ 1/2-1/2

[Event "Taastrup Spil Naar Du Vil IV 2003"]
[Site "Taastrup"]
[Date "2009.05.14"]
[Round "7"]
[White "Kirkebaekke, Mark"]
[Black "Madsen, Simon Rise"]
[Result "0-1"]
[WhiteElo "1161"]
[BlackElo "1290"]
[PlyCount "32"]
[EventDate "2009.03.26"]
[EventType "swiss"]
[EventRounds "7"]
[EventCountry "DEN"]
[SourceTitle "EXT 2023"]
[Source "ChessBase"]
[SourceDate "2022.10.05"]
[SourceVersion "1"]
[SourceVersionDate "2022.10.05"]
[SourceQuality "1"]

1. e4 e5 2. Bc4 d6 3. h3 Nf6 4. d3 Nc6 5. f4 Be7 6. f5 d5 7. exd5 Nxd5 8. Nf3 Bxf5 9. 0-0 0-0 10. Qe2 Bc5+ 11. Kh1 Re8 12. Bg5 Qd7 13. Nh4 Nd4 14. Qd1 Bxh3 15. gxh3 Qxh3+ 16. Kg1 Nf3# 0-1

[Event "Taastrup Spil Naar Du Vil IV 2003"]
[Site "Taastrup"]
[Date "2009.05.07"]
[Round "6"]
[White "Traerup, Jorgen"]
[Black "Kirkebaekke, Mark"]
[Result "1-0"]
[WhiteElo "1394"]
[BlackElo "1161"]
[PlyCount "67"]
[EventDate "2009.03.26"]
[EventType "swiss"]
[EventRounds "7"]
[EventCountry "DEN"]
[SourceTitle "EXT 2023"]
[Source "ChessBase"]
[SourceDate "2022.10.05"]
[SourceVersion "1"]
[SourceVersionDate "2022.10.05"]
[SourceQuality "1"]

1. d4 d5 2. e3 Bf5 3. Bd3 Bxd3 4. Qxd3 Nc6 5. Nf3 a6 6. 0-0 Nf6 7. a3 e6 8. c4 dxc4 9. Qxc4 Na5 10. Qc2 Bd6 11. Bd2 c6 12. Qa4 Bc7 13. Nc3 b5 14. Qc2 0-0 15. Rfd1 Nd5 16. Ne4 f5 17. Bxa5 fxe4 18. Bxc7 Qxc7 19. Qxe4 Qe7 20. Rac1 Rac8 21. Rc5 Nf6 22. Qc2 Qb7 23. Rc1 Nd5 24. Ng5 g6 25. Rxc6 Rxc6 26. Qxc6 Qxc6 27. Rxc6 Ra8 28. Rxe6 a5 29. Rd6 Ne7 30. Ne6 b4 31. Rd8+ Rxd8 32. Nxd8 bxa3 33. bxa3 a4 34. Nb7 1-0

[Event "Taastrup Spil Naar Du Vil IV 2003"]
[Site "Taastrup"]
[Date "2009.04.16"]
[Round "3"]
[White "Zmylon, Frederik Nielsen"]
[Black "Kirkebaekke, Mark"]
[Result "1-0"]
[WhiteElo "1523"]
[BlackElo "1161"]
[PlyCount "91"]
[EventDate "2009.03.26"]
[EventType "swiss"]
[EventRounds "7"]
[EventCountry "DEN"]
[SourceTitle "EXT 2023"]
[Source "ChessBase"]
[SourceDate "2022.10.05"]
[SourceVersion "1"]
[SourceVersionDate "2022.10.05"]
[SourceQuality "1"]

1. e4 c5 2. Nf3 Nc6 3. d4 cxd4 4. Nxd4 e5 5. Nb5 Bc5 6. N1c3 a6 7. Nd6+ Bxd6 8. Qxd6 Nge7 9. Nd5 Nxd5 10. exd5 Qe7 11. Qxe7+ Nxe7 12. c4 Nf5 13. Bd3 Nd4 14. Be3 d6 15. Bxd4 exd4 16. Kd2 0-0 17. Rhe1 f5 18. Re7 b6 19. Rae1 Rb8 20. a4 g6 21. Rc7 Rb7 22. Ree7 Rxc7 23. Rxc7 Rd8 24. Rc6 b5 25. cxb5 axb5 26. axb5 Bb7 27. Rc7 Bxd5 28. Bc4 Bxc4 29. Rxc4 Rb8 30. Rb4 Kf7 31. Kd3 Rb6 32. Kxd4 Ke6 33. f4 h6 34. h4 Kf6 35. Kd5 g5 36. hxg5+ hxg5 37. fxg5+ Kxg5 38. g3 Kf6 39. Kc4 Ke6 40. Ra4 Rb7 41. Ra6 Kd7 42. b4 Kc7 43. Ra8 Rb8 44. Rxb8 Kxb8 45. Kd5 Kc7 46. b6+ 1-0